| 000 | 01133cam a2200325Ma 4500 | ||
|---|---|---|---|
| 001 | ocn892170605 | ||
| 005 | 20160308115217.0 | ||
| 008 | 160308s2011 xxu fr 001 0 eng d | ||
| 020 | _a9780465019748 | ||
| 020 | _a0465019749 | ||
| 035 | _a(OCoLC)892170605 | ||
| 040 |
_aCo-BoUCM _bspa _cSaul Niño _dSaul Niño |
||
| 041 | 0 | _aeng | |
| 100 | 1 |
_aMilanovic, Branko _976100 |
|
| 245 | 1 | 4 |
_aThe Haves and the have-nots _ba brief and idiosyncratic history of global inequality _cBranko Milanovic |
| 260 |
_aNew York (Estados Unidos) _bBasic Books _c2011 |
||
| 300 | _axiv, 258 páginas | ||
| 504 | _aIncluye referencias bibliográficas e índices | ||
| 546 | _aTexto en ingles | ||
| 650 | 7 |
_aDistribución de rentas _913455 |
|
| 650 | 7 |
_aDesigualdad social _913044 |
|
| 650 | 7 |
_aPolítica económica _921972 |
|
| 650 | 7 |
_aRiqueza _xHistoria _923818 |
|
| 650 | 7 |
_aPobreza _xHistoria _921746 |
|
| 650 | 7 |
_aVida social y costumbres _98225 |
|
| 650 | 7 |
_aMacroeconomía _xAspectos sociales _918838 |
|
| 690 | 0 |
_aSociología _9386 |
|
| 942 |
_2DEWEY _a7 _cLIBRO _e1 _h339.2 _mM637ha |
||
| 999 |
_c302604 _d302604 |
||